• 首页
  • 本馆介绍
  • 公告通知
  • 最新文献
  • 馆藏检索
  • 电子资源
  • 读者导购
  • 参考咨询
  • 我的图书馆
  • 登录
  • 详细信息显示
  • 放入我的书架
  • 预约/预借图书
  • 作者相关作品
  • 分类相关作品
  • 丛书相关作品
  • 出版社相关作品

书目信息

  • 表格格式
  • 工作单格式
  • 卡片格式
题名:
踏遍青山
    
 
作者: 吴祖光 著
分册:  
出版信息: 北京    1979.12
页数: 66页
开本: 19cm
丛书名:
单 册:
中图分类: I234
科图分类: 56.19083
主题词: 戏剧文学--剧本--中国
电子资源:
ISBN:
000 00572nam0 2200229 45
001 0198023762
005 20060820112440.70
010    @dCNY0.16
091    @a10067.173
100    @a19980427d1979 emky0chiy0120 ea
101 0  @achi
102    @aCN@b320000
105    @ay z 000yy
200 10 @a踏遍青山@Ata bian qing shan@f吴祖光著@FWu Zu Guang Zhu
210    @d1979.12@a北京@b群众出版社
215    @a66页@d19cm
606 0  @a戏剧文学@x剧本@x中国
690    @aI234
692    @a56.19083@v2
701  0 @a吴祖光@4著
801    @aCN@bTSTC@c20060820
905    @dI234@e23
    
    踏遍青山/吴祖光著.-1979.12;北京(群众出版社)
    66页;19cm
    
    
    ISBN :CNY0.16
    
●
相关链接 在E读中查询图书 在五车中查询图书 在当当中查询图书 在豆瓣中查询图书


正题名:踏遍青山     索取号:I234/23         预约/预借

序号 登录号 条形码 馆藏地/架位号 状态 备注
1 0026654   001747499   密集书库/ [索取号:I234/23] 在馆    
2 0026655   001747532   密集书库/ [索取号:I234/23] 在馆    
3 0026656   001747453   密集书库/ [索取号:I234/23] 在馆    
4 0026658   001747578   密集书库/ [索取号:I234/23] 在馆    
5 0426907   204269077   密集书库/ [索取号:I234/23] 在馆    
6 0450296   204502966   密集书库/ [索取号:I234/23] 在馆    
7 0469125   204691253   密集书库/ [索取号:I234/23] 在馆    
唐山师范学院图书馆 欢迎您!
大连网信软件有限公司© 版权所有